| 000 | 01079nam a2200205 a 4500 | ||
|---|---|---|---|
| 005 | 20240806063848.0 | ||
| 008 | 991125n198 [me 000 0 spa u | ||
| 035 | _aUPN01000033184 | ||
| 049 | _aAV | ||
| 099 | _aPVI P 0513 | ||
| 245 | 0 | 4 |
_aLos libros tienen la palabra, 13 : _bJosé Rubén Romero. |
| 260 |
_a[México] : _bUTEC, _c[198-]. |
||
| 300 |
_a1 videocasete (VHS) (25 min.) : _bson., col. |
||
| 520 | _aEscribió cuento, novela, anécdotas, relatos, poesía y artículos periodísticos. Temporalmente se dedicó al comercio, estuvo a punto de ser fusilado durante la Revolución, fue diplomático y vivió en España, Brasil y Cuba. Su obra es reconocida y es nombrado miembro de la Academia de la Lengua, sus novelas están llenas de anécdotas y picardía del pueblo, su novela de más renombre es "La vida inútil de Pito Pérez" | ||
| 501 | _aCon: Artemio de Valle-Arispe -- Martín Luis Guzmán -- José Gorostiza | ||
| 600 | 1 | 4 |
_aROMERO, JOSE RUBEN, _d1840-1952 |
| 650 | 4 |
_aLiteratura mexicana _94466 |
|
| 740 | 0 | _aJosé Ruben Romero | |
| 905 | _aAudiovisuales | ||
| 999 |
_c33184 _d33184 |
||